| 000 | 00535nam a2200169 i 4500 | ||
|---|---|---|---|
| 001 | 49650 | ||
| 003 | ES-MaACL | ||
| 005 | 20230906162034.0 | ||
| 007 | t| | ||
| 008 | 030721s1953 sp ||||1| spa d | ||
| 100 | 1 |
_aCote Lamús, Eduardo. _941171 |
|
| 245 | 1 | 0 |
_aSalvación del recuerdo / _cEduardo Cote Lamús ; ilustraciones de Carlos Augusto Cañas. |
| 260 |
_a[S.l.] : _bJosé Janés, _c1953 ( _fMinerva) |
||
| 300 |
_a139 p., 4 lám, ; _c26 cm. |
||
| 700 | 1 |
_aCañas, Carlos Augusto. _934735 |
|
| 852 |
_aES-MaACL _jC-5678 _bR.35103 |
||
| 999 |
_c49650 _d49650 |
||